Diagnostic procedures handbook: including key word index.-- 2nd ed. (Record no. 31265)

MARC details
000 -LEADER
fixed length control field 00778nam a2200205 a 4500
008 - FIXED-LENGTH DATA ELEMENTS--GENERAL INFORMATION
fixed length control field 111207s2001 ||||||||||||||||| || u
020 ## - INTERNATIONAL STANDARD BOOK NUMBER
International Standard Book Number 0916589730
050 ## - LIBRARY OF CONGRESS CALL NUMBER
Classification number RC 71 Dia
100 ## - MAIN ENTRY--PERSONAL NAME
Personal name Michota, Franklin A
245 10 - TITLE STATEMENT
Title Diagnostic procedures handbook: including key word index.-- 2nd ed.
Statement of responsibility, etc. Franklin A. Michota, editor
250 ## - EDITION STATEMENT
Edition statement 2nd ed.
260 ## - PUBLICATION, DISTRIBUTION, ETC.
Place of publication, distribution, etc. Hudson, Cleveland
Name of publisher, distributor, etc. Lexi-Comp
Date of publication, distribution, etc. 2001
300 ## - PHYSICAL DESCRIPTION
Extent 995p.: ill.
350 ## -
-- 0.00
490 ## -
-- Lexi-Comp's clinical reference library
650 ## - SUBJECT ADDED ENTRY--TOPICAL TERM
Topical term or geographic name entry element NURSING--HANDBOOKS, MANUALS, ETC
650 ## - SUBJECT ADDED ENTRY--TOPICAL TERM
Topical term or geographic name entry element DIAGNOSIS--HANDBOOKS, MANUALS, ETC
650 ## - SUBJECT ADDED ENTRY--TOPICAL TERM
Topical term or geographic name entry element DIAGNOSIS
995 ## -
-- REFERENCE BOOKS
-- 0.00
-- 900235
-- CBU-SCHOOL OF MEDICINE LIBRARY (Ndola)
-- 1
-- 0.00
-- RC 71 DIA
-- 1
-- REFERENCE
-- Dec 7, 2011
-- 900235
-- Reference Collection
999 ## -
-- 31265
-- 31265
Holdings
Withdrawn status Lost status Source of classification or shelving scheme Damaged status Not for loan Permanent Location Current Location Shelving location Date acquired Total Checkouts Full call number Barcode Date last seen Price effective from Koha item type
          CBU-SCHOOL OF MEDICINE LIBRARY, NDOLA. CBU-SCHOOL OF MEDICINE LIBRARY, NDOLA.   11/30/2022   RC 71 Dia 900235 11/30/2022 11/30/2022 MONOGRAPH